Statistiche per Cultura generale

Clicka qui per fare il quiz!

Statistiche generali

  • Questo quiz è stato fatto 42 volte
  • Il punteggio medio è 12 su 16

Statistiche sulle risposte

HintRisposta% Corretto
Conduttore degli ultimi festival di Sanremo (2020-2024)Amadeus
100%
Anno del referendum e passaggio alla Repubblica Italiana1946
97%
Programma della De Filippi dove si aprono le busteC'è posta per te
97%
Conduttore che fa coppia con Luciana LittizzettoFabio Fazio
94%
Dinastia del regno d'Italia dal 1861Savoia
94%
Autore de "Il fu Mattia Pascal"Pirandello
89%
Erede al trono del Regno UnitoPrincipe William
89%
Canta "Occhi di gatto" e "Holly e Benji"Cristina D'Avena
86%
Anno di uscita di "Cars - Motori Ruggenti"2006
78%
Nasce il movimento dei fasci di combattimento1919
64%
Provincia autonoma a maggioranza tedescofonaSud Tirol
64%
Cantante Italiana che vinse il Golden Globe con "Io Si" nel 2021Laura Pausini
56%
Cantone svizzero dove si parla italianoTicino
50%
Campionissimo del ciclismo con CoppiBartali
44%
Passaggio dallo stato solido allo stato aeriformeSublimazione
44%
Valuta DaneseFranco Danese
3%

Distribuzione punteggi

Percentile per numero di risposta

Percentuale di utenti per punteggio

I tuoi punteggi nel tempo

Non hai fatto questo quiz